02106 a2200217 45000010006000000050017000060080041000230030015000640400040000790800086001192450026002050200018002312500012002492640050002613000022003115051410003330410008017431000020017517000022017718560095017935689420260407155832.0260407a1994 arg spa dAR-UNSa-BCEJYS aAR-UNSa-BCEJYSbspacAR-UNSa-BCEJYS a330.13xRentabilidad. Principio económico. Utilidad. Valor. Principio del valor10aCost-benefit analysis a0-521-46674-1 a2a. ed. 1aCambridge :bCambridge University Pressc1994 ax, 497 p.c26 cm. a1. Shadow prices and markets: Policy reform shadow prices and market prices – 2. Shadow prices and markets: Feasibility constraints foreign exchange and shadow wages – 3. Discount rate: The rate of discount for benefitcost analysis and the theory of the second best – 4. Risk and uncertainty: Uncertainty and the evaluation of public investment decisions – 5. Income distribution: Allowing for income distribution – 6. The costs and benefits of analysis: Project appraisal and planning twenty years on – 7. Time saving: Research into the value of time – 8. Safety and the saving of life: The theory of equalizing differences – 9. Safety and the saving of life: The economics of safety and physical risk – 10. The environment: The environment and emerging development issues – 11. Exhaustible resources: Resource depletion research and development and the social rate of discount – 12. Regulation and deregulation: Enhancing the performance of the deregulated air transportation system – 13. Pricing: Pricing and congestion Economic principles relevant to pricing roads – 14. Public transport: The allocation of urban public transport subsidy – 15. Health care: QALYs and the equityefficiency tradeoff – 16. Infrastructure: Water vending activities in developing countries – 17. The Environment: Assessing the social rate of return from investment in temperate zone forestry aspa1 aLayard, Richard1 aGlaister, Stephen41uhttps://biblioeco.unsa.edu.ar/pmb/images/libros/L128626.jpgyImagen de portadaqimage/jpeg